000 00407pab a2200157 454500
008 180718b1997 xxu||||| |||| 00| 0 eng d
100 _aJayaswal, Sudhanshu
245 _aJournalism education in India: an assessment
260 _c1997
300 _ap.8-12
362 _a15 Sep
650 _aJournalist education - India
650 _aJournalist education
773 _aUniversity News
909 _a35384
999 _c35384
_d35384